[Event "SVK-chT2C 1718"]
[Site "Slovakia"]
[Date "2018.01.13"]
[Round "5.7"]
[White "Vlcek, Pavol"]
[Black "Sulgan, Branislav"]
[Result "1/2-1/2"]
[WhiteElo "1930"]
[BlackElo "1865"]
[PlyCount "34"]
[EventDate "2017.10.28"]
[EventType "team-tourn"]
[EventRounds "11"]
[EventCountry "SVK"]
[SourceTitle "EXT 2019"]
[Source "ChessBase"]
[SourceDate "2018.10.10"]
[SourceVersion "1"]
[SourceVersionDate "2018.10.10"]
[SourceQuality "1"]
[WhiteTeam "Dunajov Inbest II"]
[BlackTeam "Cadca Caissa"]
[WhiteTeamCountry "SVK"]
[BlackTeamCountry "SVK"]

1. e4 c6 2. Nc3 d6 3. d4 Nf6 4. Nf3 g6 5. Be2 Bg7 6. 0-0 0-0 7. h3 Na6 8. Bxa6 bxa6 9. e5 Nd5 10. exd6 Qxd6 11. Ne4 Qc7 12. Re1 Bf5 13. Nc5 Nb4 14. Re2 Rad8 15. c3 Nd5 16. Nxa6 Qd6 17. Qe1 Bd3 1/2-1/2

[Event "SVK-chT2C 1617"]
[Site "Slovakia"]
[Date "2016.10.08"]
[Round "1.7"]
[White "Vlcek, Pavol"]
[Black "Topolovsky, Vincent"]
[Result "0-1"]
[WhiteElo "1949"]
[BlackElo "1932"]
[PlyCount "106"]
[EventDate "2016.10.08"]
[EventType "team-tourn"]
[EventRounds "11"]
[EventCountry "SVK"]
[SourceTitle "CBM 175 Extra"]
[Source "ChessBase"]
[SourceDate "2016.12.12"]
[SourceVersion "1"]
[SourceVersionDate "2016.12.12"]
[SourceQuality "1"]
[WhiteTeam "Dunajov Inbest II"]
[BlackTeam "Banska Bystrica Kurta"]
[WhiteTeamCountry "SVK"]
[BlackTeamCountry "SVK"]

1. e4 e6 2. d4 d5 3. Nc3 Nf6 4. Bg5 Bb4 5. e5 h6 6. Bd2 Nfd7 7. Qg4 Bf8 8. 0-0-0 a6 9. f4 g6 10. Bd3 Nb6 11. Nf3 Nc6 12. Be3 Nb4 13. Bxg6 fxg6 14. Qxg6+ Kd7 15. a3 Nc6 16. f5 Qe7 17. g4 Nd8 18. h4 Qh7 19. h5 c6 20. Nh4 Kc7 21. Rdf1 Nc4 22. Bg1 Qf7 23. f6 Bd7 24. Qd3 b5 25. Na2 a5 26. Ng6 Rg8 27. Be3 b4 28. a4 Nb7 29. b3 Nxe3 30. Qxe3 c5 31. c4 cxd4 32. Qxd4 Bc5 33. Qd3 Bc6 34. Rh2 Rad8 35. Qe2 dxc4 36. Qxc4 Be3+ 37. Kb1 Rd4 38. Qc2 Nc5 39. Ka1 Rxg4 40. Rc1 Bd4+ 41. Nc3 Bxc3+ 42. Ka2 Bd5 43. Qf2 Bxb3+ 44. Kb1 Nb7 45. Qf3 Rc4 46. Qe3 Rxg6 47. Rd2 Rg5 48. Rd3 Rxe5 49. Qxh6 Rxh5 50. Qe3 Qxf6 51. Rg1 Rf5 52. Qh3 Rcf4 53. Qh2 Kb6 0-1

[Event "SVK-chT2C 1516"]
[Site "Slovakia"]
[Date "2016.02.14"]
[Round "9.6"]
[White "Murin, Pavol"]
[Black "Vlcek, Pavol"]
[Result "1-0"]
[WhiteElo "2017"]
[BlackElo "1951"]
[PlyCount "111"]
[EventDate "2015.10.17"]
[EventType "team-tourn"]
[EventRounds "11"]
[EventCountry "SVK"]
[SourceTitle "EXT 2017"]
[Source "ChessBase"]
[SourceDate "2016.10.25"]
[SourceVersion "1"]
[SourceVersionDate "2016.10.25"]
[SourceQuality "1"]
[WhiteTeam "Dolny Kubin"]
[BlackTeam "Dunajov Inbest II"]
[WhiteTeamCountry "SVK"]
[BlackTeamCountry "SVK"]

1. d4 Nf6 2. c4 c5 3. Nf3 cxd4 4. Nxd4 e6 5. Nc3 d5 6. Bg5 Be7 7. cxd5 exd5 8. g3 0-0 9. Bg2 Nc6 10. 0-0 h6 11. Be3 Bb4 12. Qb3 Bxc3 13. Nxc6 bxc6 14. Qxc3 Bd7 15. Bd4 Re8 16. e3 Re6 17. b3 Ne8 18. Rac1 f5 19. Rfd1 Rg6 20. Be5 Nf6 21. Bxf6 Rxf6 22. Qc5 Be8 23. Rxd5 cxd5 24. Qxd5+ Kh7 25. Qxa8 Qd2 26. Qc8 Bb5 27. Qc2 Qd6 28. Rd1 Qb6 29. Rd5 g6 30. Rc5 Rf7 31. Qc3 Rd7 32. Bd5 Be2 33. b4 Qd6 34. Qd4 Rd8 35. Ra5 a6 36. a4 h5 37. Rc5 Kh6 38. e4 f4 39. e5 Qf8 40. Qxf4+ Qxf4 41. gxf4 Rf8 42. e6 Kg7 43. Rc7+ Kf6 44. Rf7+ Rxf7 45. exf7 Ke7 46. Kg2 Bg4 47. Kg3 Bd7 48. Bb3 Bf5 49. Kh4 Kf8 50. b5 axb5 51. axb5 Be4 52. Kg5 Kg7 53. b6 Bf3 54. f5 gxf5 55. Kxf5 Bb7 56. Ke5 1-0

[Event "SVK-chT2C 1516"]
[Site "Slovakia"]
[Date "2015.11.08"]
[Round "4.6"]
[White "Vlcek, Pavol"]
[Black "Sedlar, Jozef"]
[Result "1-0"]
[WhiteElo "1954"]
[BlackElo "1936"]
[PlyCount "69"]
[EventDate "2015.10.17"]
[EventType "team-tourn"]
[EventRounds "11"]
[EventCountry "SVK"]
[SourceTitle "CBM 169 Extra"]
[Source "ChessBase"]
[SourceDate "2015.12.18"]
[SourceVersion "1"]
[SourceVersionDate "2015.12.18"]
[SourceQuality "1"]
[WhiteTeam "Dunajov Inbest II"]
[BlackTeam "Banska Bystrica Kurta"]
[WhiteTeamCountry "SVK"]
[BlackTeamCountry "SVK"]

1. e4 c6 2. Nc3 d5 3. Nf3 Bg4 4. exd5 cxd5 5. Bb5+ Bd7 6. Qe2 a6 7. Bxd7+ Qxd7 8. d4 Nc6 9. 0-0 e6 10. a4 Nf6 11. Bg5 Be7 12. Rfd1 0-0 13. Ne5 Qc7 14. Rd3 Nxe5 15. dxe5 Ne8 16. h4 Rc8 17. Rad1 g6 18. Rxd5 Bxg5 19. Rd7 Qb6 20. hxg5 Qxb2 21. Ne4 Rxc2 22. Qe3 b5 23. axb5 axb5 24. Rd8 Re2 25. Nf6+ Kg7 26. Qh3 h5 27. gxh6+ Kh8 28. Qf3 Qc2 29. Qa3 Rg8 30. h7 Nxf6 31. hxg8Q+ Nxg8 32. Qh3+ Kg7 33. Rxg8+ Kxg8 34. Rd8+ Kg7 35. Qh8# 1-0

[Event "SVK-chT2C 1516"]
[Site "Slovakia"]
[Date "2015.11.07"]
[Round "3.6"]
[White "Bohdal, Jan"]
[Black "Vlcek, Pavol"]
[Result "1/2-1/2"]
[WhiteElo "1894"]
[BlackElo "1954"]
[PlyCount "43"]
[EventDate "2015.10.17"]
[EventType "team-tourn"]
[EventRounds "11"]
[EventCountry "SVK"]
[SourceTitle "CBM 169 Extra"]
[Source "ChessBase"]
[SourceDate "2015.12.18"]
[SourceVersion "1"]
[SourceVersionDate "2015.12.18"]
[SourceQuality "1"]
[WhiteTeam "Banska Bystrica Veza"]
[BlackTeam "Dunajov Inbest II"]
[WhiteTeamCountry "SVK"]
[BlackTeamCountry "SVK"]

1. e4 e6 2. d4 d5 3. exd5 exd5 4. Bd3 Bd6 5. Ne2 Ne7 6. 0-0 0-0 7. Bf4 Bg4 8. Bxd6 Qxd6 9. Qc1 h6 10. Ng3 Qf6 11. Re1 Nbc6 12. c3 Ng6 13. h3 Nf4 14. Bf1 Bd7 15. Nd2 Rfe8 16. Qc2 Re7 17. Nf3 Nxh3+ 18. gxh3 Qxf3 19. Bg2 Qf6 20. Bxd5 Bxh3 21. Rxe7 Nxe7 22. Bxb7 1/2-1/2

[Event "SVK-chT2C 1314"]
[Site "Slovakia"]
[Date "2014.02.22"]
[Round "8.6"]
[White "Vlcek, Pavol"]
[Black "Paluch, Jozef"]
[Result "0-1"]
[WhiteElo "1967"]
[BlackElo "1988"]
[PlyCount "104"]
[EventDate "2013.10.19"]
[EventType "team-tourn"]
[EventRounds "11"]
[EventCountry "SVK"]
[SourceTitle "EXT 2015"]
[Source "ChessBase"]
[SourceDate "2014.11.20"]
[SourceVersion "1"]
[SourceVersionDate "2014.11.20"]
[SourceQuality "1"]
[WhiteTeam "Dunajov II"]
[BlackTeam "Zilina DMS"]
[WhiteTeamCountry "SVK"]
[BlackTeamCountry "SVK"]

1. e4 d5 2. exd5 Nf6 3. Bb5+ Bd7 4. Bc4 Bg4 5. f3 Bc8 6. Nc3 Nbd7 7. d4 Nb6 8. b3 Nbxd5 9. Nxd5 Nxd5 10. Bxd5 Qxd5 11. c4 Qa5+ 12. Bd2 Qb6 13. Bc3 Bf5 14. Ne2 0-0-0 15. Qd2 e5 16. Qg5 Bd3 17. d5 f6 18. Qd2 Bg6 19. Ba5 Qc5 20. a3 a6 21. Bb4 Qb6 22. Qc3 Bc5 23. Bxc5 Qxc5 24. b4 Qb6 25. c5 Qb5 26. a4 Qd3 27. Qxd3 Bxd3 28. Nc3 Bc4 29. 0-0-0 Rd7 30. Rhe1 Rhd8 31. c6 Rd6 32. cxb7+ Kxb7 33. Ne4 Rxd5 34. Rxd5 Rxd5 35. Nc5+ Kb6 36. Ne4 Rd3 37. Kc2 Ra3 38. Nc3 Rb3 39. Rb1 Rxb1 40. a5+ Kc6 41. Kxb1 Kd6 42. Kc2 f5 43. Na4 Kd5 44. Kd2 Kd4 45. Nc3 c6 46. Nd1 Bb3 47. Nc3 e4 48. Ne2+ Kc4 49. fxe4 fxe4 50. Ng3 Kxb4 51. Nxe4 Bd5 52. Ng5 h6 0-1

[Event "SVK-chT2C 1213"]
[Site "Slovakia"]
[Date "2013.02.17"]
[Round "9.6"]
[White "Vlcek, Pavol"]
[Black "Kovalik, Julius"]
[Result "1/2-1/2"]
[WhiteElo "1961"]
[BlackElo "1957"]
[PlyCount "123"]
[EventDate "2012.10.13"]
[EventType "team-tourn"]
[EventRounds "11"]
[EventCountry "SVK"]
[SourceTitle "EXT 2015"]
[Source "ChessBase"]
[SourceDate "2014.11.20"]
[SourceVersion "1"]
[SourceVersionDate "2014.11.20"]
[SourceQuality "1"]
[WhiteTeam "Dunajov II"]
[BlackTeam "Detva Podpolanie"]
[WhiteTeamCountry "SVK"]
[BlackTeamCountry "SVK"]

1. e4 c5 2. Nf3 Nc6 3. d4 cxd4 4. Nxd4 Nf6 5. Nc3 e5 6. Nb3 Bb4 7. Bc4 h6 8. Bd2 0-0 9. f3 Na5 10. Nxa5 Bxa5 11. Nd5 Nxd5 12. Bxd5 d6 13. c3 Be6 14. Qb3 Bxd5 15. Qxd5 Qc7 16. 0-0-0 Rfd8 17. Kb1 b5 18. g4 Re8 19. g5 hxg5 20. Bxg5 b4 21. c4 b3 22. a3 Rac8 23. Rc1 Bb6 24. Rc3 Bd4 25. Rxb3 Qxc4 26. Qxc4 Rxc4 27. Rc1 Rxc1+ 28. Kxc1 Re6 29. Be3 Bxe3+ 30. Rxe3 f5 31. Kc2 Kf7 32. Kc3 Rh6 33. Rd3 Ke7 34. b4 Rxh2 35. b5 Rh3 36. exf5 Rh5 37. a4 Rxf5 38. Kb4 Rf4+ 39. Ka3 Ke6 40. a5 Rf7 41. Rc3 d5 42. Rc6+ Kf5 43. Kb4 e4 44. fxe4+ dxe4 45. Rc1 Rd7 46. Rf1+ Ke5 47. Re1 Kf4 48. Kc5 e3 49. Kc6 Re7 50. Kd6 Re8 51. Kd7 Re5 52. Kc6 Kf3 53. b6 Re6+ 54. Kd7 Rxb6 55. axb6 axb6 56. Rf1+ Ke4 57. Rf7 e2 58. Kc6 Ke3 59. Rxg7 e1Q 60. Re7+ Kd2 61. Rxe1 Kxe1 62. Kxb6 1/2-1/2

[Event "SVK-chT2C 1112"]
[Site "Slovakia"]
[Date "2012.02.26"]
[Round "11.6"]
[White "Vlcek, Pavol"]
[Black "Kormanovic, Jozef"]
[Result "1-0"]
[WhiteElo "1913"]
[BlackElo "1517"]
[PlyCount "79"]
[EventDate "2011.10.08"]
[EventType "team-tourn"]
[EventRounds "11"]
[EventCountry "SVK"]
[SourceTitle "EXT 2013"]
[Source "ChessBase"]
[SourceDate "2012.11.22"]
[SourceVersion "1"]
[SourceVersionDate "2012.11.22"]
[SourceQuality "1"]
[WhiteTeam "Dunajov II"]
[BlackTeam "Podpolanie Hrinova"]
[WhiteTeamCountry "SVK"]
[BlackTeamCountry "SVK"]

1. e4 e5 2. Nf3 Nc6 3. Bb5 a6 4. Bxc6 dxc6 5. 0-0 Bd6 6. d4 Bg4 7. dxe5 Bxf3 8. Qxf3 Bxe5 9. Rd1 Qf6 10. Qd3 Rd8 11. Qxd8+ Qxd8 12. Rxd8+ Kxd8 13. c3 Nf6 14. Bg5 Kc8 15. Nd2 Rd8 16. Nc4 Re8 17. Nxe5 Rxe5 18. Bxf6 gxf6 19. f3 f5 20. exf5 Rxf5 21. Kf2 Kd7 22. Re1 f6 23. g4 Ra5 24. a3 Rd5 25. h4 h5 26. gxh5 Rxh5 27. Kg3 f5 28. Re5 f4+ 29. Kxf4 Rxh4+ 30. Kg5 Rh2 31. f4 Rxb2 32. f5 Rg2+ 33. Kf4 Rg8 34. f6 Rf8 35. Kf5 b5 36. Re7+ Kd8 37. Kg6 Rg8+ 38. Rg7 Rh8 39. f7 Ke7 40. Rg8 1-0

[Event "SVK-chT2C 1112"]
[Site "Slovakia"]
[Date "2012.01.07"]
[Round "7.6"]
[White "Rusnak, Michal"]
[Black "Vlcek, Pavol"]
[Result "0-1"]
[WhiteElo "1942"]
[BlackElo "1913"]
[PlyCount "82"]
[EventDate "2011.10.08"]
[EventType "team-tourn"]
[EventRounds "11"]
[EventCountry "SVK"]
[SourceTitle "EXT 2013"]
[Source "ChessBase"]
[SourceDate "2012.11.22"]
[SourceVersion "1"]
[SourceVersionDate "2012.11.22"]
[SourceQuality "1"]
[WhiteTeam "Zilina DMS"]
[BlackTeam "Dunajov II"]
[WhiteTeamCountry "SVK"]
[BlackTeamCountry "SVK"]

1. e4 e6 2. Nf3 d5 3. e5 c5 4. b4 cxb4 5. a3 Nc6 6. axb4 Bxb4 7. c3 Ba5 8. Bb5 Bd7 9. Qa4 Bc7 10. d4 Nge7 11. Qb3 0-0 12. Bd3 b6 13. h4 f5 14. exf6 Rxf6 15. Bg5 Rf7 16. h5 Qf8 17. Qc2 h6 18. Bh7+ Kh8 19. Bh4 Rxf3 20. gxf3 Qxf3 21. Rg1 Qxh5 22. Bxe7 Nxe7 23. Nd2 Bf4 24. Nf1 a5 25. Bd3 Nf5 26. Be2 Qh3 27. Bg4 Qh4 28. Qe2 Rc8 29. Qf3 Bd6 30. Bxf5 exf5 31. Qxd5 Qe7+ 32. Kd2 Bf4+ 33. Ne3 Re8 34. Qf3 g5 35. Rh1 Kg7 36. Rhg1 Kh7 37. Rge1 Qf7 38. Qb7 Qe6 39. Kd3 Kg6 40. Nc2 Bb5+ 41. c4 Qxc4# 0-1

[Event "SVK-chT2C 1112"]
[Site "Slovakia"]
[Date "2011.12.03"]
[Round "5.6"]
[White "Vlcek, Pavol"]
[Black "Capek, Miroslav"]
[Result "1-0"]
[WhiteElo "1913"]
[BlackElo "1819"]
[PlyCount "85"]
[EventDate "2011.10.08"]
[EventType "team-tourn"]
[EventRounds "11"]
[EventCountry "SVK"]
[SourceTitle "EXT 2013"]
[Source "ChessBase"]
[SourceDate "2012.11.22"]
[SourceVersion "1"]
[SourceVersionDate "2012.11.22"]
[SourceQuality "1"]
[WhiteTeam "Dunajov II"]
[BlackTeam "Cadca II"]
[WhiteTeamCountry "SVK"]
[BlackTeamCountry "SVK"]

1. e4 e5 2. Nf3 Nc6 3. Bb5 a6 4. Bxc6 dxc6 5. 0-0 Bg4 6. h3 h5 7. d3 Qf6 8. Nbd2 Ne7 9. Nc4 Bxf3 10. Qxf3 Qxf3 11. gxf3 Ng6 12. Kh2 Bd6 13. Be3 h4 14. Rg1 Ke7 15. Rg4 c5 16. Rag1 Rag8 17. Nd2 Ke6 18. Bg5 Rh7 19. Nc4 Be7 20. Bd2 Bf6 21. b3 Rd8 22. Be3 b6 23. Na3 Rhh8 24. Nb1 Rh5 25. Nc3 Ne7 26. Ne2 Ng6 27. f4 exf4 28. Nxf4+ Nxf4 29. Bxf4 Rd7 30. Be3 g6 31. Kg2 Be7 32. f4 Rd8 33. Kf3 a5 34. a4 c6 35. Bd2 Ra8 36. Ra1 Rg8 37. Rag1 Ra8 38. Ra1 Rg8 39. f5+ Ke5 40. Bc3+ Kd6 41. Rag1 g5 42. e5+ Kd5 43. Bb2 1-0